Coreldraw 8 Bible
| Main Author: | |
|---|---|
| Format: | Book |
| Published: |
Foster City :
IDG Books ,
1998
|
| Subjects: |
MARC
| LEADER | 00000cam a2200000 7i4500 | ||
|---|---|---|---|
| 001 | 0000006320 | ||
| 005 | 20050613.0 | ||
| 020 | |a 0764531832 | ||
| 040 | |a INS | ||
| 090 | 0 | 0 | |a T385. |b M5445 1998 |
| 100 | 1 | |a Miller, Deborah | |
| 245 | 1 | 0 | |a Coreldraw 8 Bible |c Deborah Miller |
| 260 | |a Foster City : |b IDG Books , |c 1998 | ||
| 300 | |a 954 p. ; |c 23.5 c.m. | ||
| 650 | 0 | 0 | |a Computer graphics |
| 650 | 0 | 0 | |a Coreldraw |
| 999 | |a 0000007437 |b BOOK |c Open Shelf |e Default branch | ||